<?xml version="1.0" encoding="UTF-8"?>
<record
    xmlns:xsi="http://www.w3.org/2001/XMLSchema-instance"
    xsi:schemaLocation="http://www.loc.gov/MARC21/slim http://www.loc.gov/standards/marcxml/schema/MARC21slim.xsd"
    xmlns="http://www.loc.gov/MARC21/slim">

  <leader>01433    a2200205   4500</leader>
  <controlfield tag="001">59713</controlfield>
  <controlfield tag="005">20260407155851.0</controlfield>
  <controlfield tag="008">260407a2004    arg                 spa d</controlfield>
  <controlfield tag="003">AR-UNSa-BCEJYS</controlfield>
  <datafield tag="040" ind1=" " ind2=" ">
    <subfield code="a">AR-UNSa-BCEJYS</subfield>
    <subfield code="b">spa</subfield>
    <subfield code="c">AR-UNSa-BCEJYS</subfield>
  </datafield>
  <datafield tag="080" ind1=" " ind2=" ">
    <subfield code="a">34</subfield>
    <subfield code="x">Derecho</subfield>
  </datafield>
  <datafield tag="245" ind1="1" ind2="0">
    <subfield code="a">La injusticia extrema no es derecho</subfield>
  </datafield>
  <datafield tag="020" ind1=" " ind2=" ">
    <subfield code="a">987-03-0361-7</subfield>
  </datafield>
  <datafield tag="264" ind1=" " ind2="1">
    <subfield code="a">Buenos Aires :</subfield>
    <subfield code="b">Universidad de Buenos Aires. Facultad de Derecho. Departamento de Publicaciones</subfield>
    <subfield code="c">2004</subfield>
  </datafield>
  <datafield tag="300" ind1=" " ind2=" ">
    <subfield code="a">326 p.</subfield>
    <subfield code="c">24 cm.</subfield>
  </datafield>
  <datafield tag="505" ind1=" " ind2=" ">
    <subfield code="a">1. La axiolog&#xED;a jur&#xED;dica de Gustav Radbruch / Rodolfo Luis Vigo &#x2013; 2. La teor&#xED;a jur&#xED;dica discursiva no positivista de Robert Alexy / Rodolfo Luis Vigo &#x2013; 3. Tribunal constitucional de Alemania &#x201C;Mauerschutzen&#x201D; &#x2013; 4. Tribunal Europeo de Derechos Humanos: &#x201C;K. &#x2013; H.W.v. Alemania&#x201D; &#x2013; 5. Mauerschutzen. Acerca de la relaci&#xF3;n entre derecho, Moral y Punibilidad / Robert Alexy &#x2013; 6. LA decisi&#xF3;n del Tribunal Constitucional Federal alem&#xE1;n sobre los homicidios cometidos por los centinelas del Muro de Berl&#xED;n / Roberto Alexy &#x2013; 7. Una defensa de la f&#xF3;rmula de Radbruch / Robert Alexy &#x2013; 8. La doctrina cl&#xE1;sica de lex iniusta y la f&#xF3;rmula de Radbruch. Un ensayo de comparaci&#xF3;n / Jos&#xE9; Antonio Seoane &#x2013; 9. Reflexiones iusfisolos&#xF3;ficas sobre el caso de los Guardianes del Muro / Eduardo Roberto Sodero - </subfield>
  </datafield>
  <datafield tag="942" ind1=" " ind2=" ">
    <subfield code="c">BK</subfield>
  </datafield>
  <datafield tag="590" ind1=" " ind2=" ">
    <subfield code="a">niveau_biblio:m niveau_hierar:0</subfield>
  </datafield>
  <datafield tag="100" ind1="1" ind2=" ">
    <subfield code="a">Vigo, Rodolfo Luis</subfield>
  </datafield>
  <datafield tag="999" ind1=" " ind2=" ">
    <subfield code="c">6796</subfield>
    <subfield code="d">6796</subfield>
  </datafield>
  <datafield tag="952" ind1=" " ind2=" ">
    <subfield code="0">0</subfield>
    <subfield code="1">0</subfield>
    <subfield code="4">0</subfield>
    <subfield code="7">0</subfield>
    <subfield code="a">BCEJYS</subfield>
    <subfield code="b">BCEJYS</subfield>
    <subfield code="c">16</subfield>
    <subfield code="d">2026-04-07</subfield>
    <subfield code="l">0</subfield>
    <subfield code="o">34 V689</subfield>
    <subfield code="p">L87156</subfield>
    <subfield code="r">2026-04-07 15:58:51</subfield>
    <subfield code="w">2026-04-07</subfield>
    <subfield code="y">L</subfield>
  </datafield>
</record>
